The history of Anglicanism in Tamil Nadu / (Record no. 93560)

MARC details
000 -LEADER
fixed length control field 00579nam a22001937a 4500
005 - DATE AND TIME OF LATEST TRANSACTION
control field 20150612123527.0
010 ## - LCCN (DPL NO)
LC control number ENG-113029
020 ## - INTERNATIONAL STANDARD BOOK NUMBER
Terms of availability 50.00
035 ## - SYSTEM CONTROL NUMBER
System control number EN-96561
037 ## - SOURCE OF ACQUISITION
Source of stock number/acquisition DBAD/PUB
082 ## - DEWEY DECIMAL CLASSIFICATION NUMBER
Classification number 283
100 ## - MAIN ENTRY--PERSONAL NAME
Personal name Gnanadurai, P.M.
245 ## - TITLE STATEMENT
Title The history of Anglicanism in Tamil Nadu /
Statement of responsibility, etc by P.M. Gnanadurai
260 ## - PUBLICATION, DISTRIBUTION, ETC. (IMPRINT)
Place of publication, distribution, etc Chennai
Name of publisher, distributor, etc The Christian Literature Society
Date of publication, distribution, etc 2012
270 ## - ADDRESS
Address Post Box No. 501, Park Town
City Chennai
Postal code 600003
300 ## - PHYSICAL DESCRIPTION
Extent 32p.
Dimensions 21cm(pbk)
500 ## - GENERAL NOTE
General note Includes bibliographical references
942 ## - ADDED ENTRY ELEMENTS (KOHA)
Source of classification or shelving scheme Dewey Decimal Classification
Item type English Books
Call number suffix GNA
Classification part 283
Holdings
Withdrawn status Lost status Not for loan Collection code Home library Current library Date acquired Source of acquisition Cost, normal purchase price Full call number Barcode Copy number Cost, replacement price Koha item type
    Not For Loan Non-fiction D.B.Act.Division D.B.Act.Division 13/05/2015 DBAD/PUB 50.00 283 GNA EN-96561 1 50.00 English Books

© Delhi Public Library
Hit Counter
free hit counter